000
00277nam a22001217a 4500
040
_c
SK
082
_a
371
100
_a
ផល អ៊ីម
245
_a
របាយការណ៏សិក្ខាសិលា
260
_a
RUA
_b
ផល
_c
1999
300
_a
54p.
942
_c
KB
999
_c
9967
_d
9967